Για ποιόν κτυπά η καμπάνα : μυθιστόρημα

Αποθηκεύτηκε σε:
Λεπτομέρειες βιβλιογραφικής εγγραφής
Κύριος συγγραφέας: Hemingway, Ernest, 1899-1961
Άλλοι συγγραφείς: Κουχτσόγλου, Γιάννης Αθ., 1910- (Μεταφραστής)
Μορφή: Βιβλίο
Γλώσσα:Greek
English
Δημοσίευση: [χ.τ.] : [χ.ό.], [χ.χ.].
Θέματα:
Ετικέτες: Προσθήκη ετικέτας
Δεν υπάρχουν, Καταχωρήστε ετικέτα πρώτοι!

MARC

LEADER 00000cam a2200000 i 4500
001 1/81164
008 050714n19uu gr | ||| |||| ||gre||
035 |l 10079204 
040 |a GR-MY-UA  |b gre  |e aacr 
041 1 |a gre  |h eng 
082 7 |a 819.33   |2 (22) 
100 1 |a Hemingway, Ernest,   |d 1899-1961. 
245 1 0 |a Για ποιόν κτυπά η καμπάνα :   |b μυθιστόρημα /  |c Έρνεστ Χεμινγουέη ; μετάφραση: Γιάννη Κουχτσόγλου.  
260 |a [χ.τ.] :   |b [χ.ό.],   |c [χ.χ.]. 
300 |a 558 σ. ;   |c 22 εκ. 
500 |a Τίτλος πρωτοτύπου: For whom the bell tolls 
600 1 0 |a Hemingway, Ernest,   |d 1899-1961. 
650 0 0 |a American literature  |x Fiction. 
700 1 |a Κουχτσόγλου, Γιάννης Αθ.,   |d 1910-  |e trl 
852 |a INST  |b RHODES  |c KRI  |e 20050714  |h  819.33 HEM  |p 005400022923  |q 005400022923  |t BK  |y 0 
901 |a BIBL4-2005-2 
909 |a Ρ  |b 121892 
970 |z 2005/07/14